| 000 | 01307cam a2200349 a 4500 | ||
|---|---|---|---|
| 001 | 16721822 | ||
| 005 | 20170105102912.0 | ||
| 008 | 110405s2011 dcuab b 001 0 eng | ||
| 010 | _a 2011014001 | ||
| 020 | _a9781597979825 (hardcover : acidfree paper) | ||
| 020 | _a9781597979832 (electronic edition) | ||
| 040 |
_aDLC _cDLC _dDLC |
||
| 042 | _apcc | ||
| 043 | _aa-pk--- | ||
| 050 | 0 | 0 |
_aJA85.2.P3 _bF37 2011 |
| 082 | 0 | 0 |
_a954.9105 _222 |
| 100 | 1 | _aFarwell, James P. | |
| 245 | 1 | 4 |
_aThe Pakistan cauldron : _bconspiracy, assassination & instability / _cJames P. Farwell ; foreword by Joseph D. Duffey. |
| 250 | _a1st ed. | ||
| 260 |
_aWashington, D.C. : _bPotomac Books, _cc2011. |
||
| 300 |
_axx, 331 p. : _bill., map ; _c24 cm. |
||
| 504 | _aIncludes bibliographical references (p. 319-322) and index. | ||
| 600 | 1 | 0 |
_aKhan, A. Q. _q(Abdul Qadeer), _d1936- |
| 600 | 1 | 0 |
_aBhutto, Benazir, _d1953-2007. |
| 600 | 1 | 0 | _aMusharraf, Pervez. |
| 650 | 0 |
_aCommunication in politics _zPakistan. |
|
| 650 | 0 |
_aPolitical leadership _zPakistan. |
|
| 651 | 0 |
_aPakistan _xPolitics and government _y1988- |
|
| 906 |
_a7 _bcbc _corignew _d1 _eecip _f20 _gy-gencatlg |
||
| 942 |
_2ddc _cBK |
||
| 999 |
_c15177 _d15177 |
||